Tools for state and local fiscal management : (Record no. 1667)
[ view plain ]
| 000 -LEADER | |
|---|---|
| fixed length control field | 01884cam a2200469 i 4500 |
| 001 - CONTROL NUMBER | |
| control field | data |
| 005 - DATE AND TIME OF LATEST TRANSACTION | |
| control field | 20260322212111.0 |
| 008 - FIXED-LENGTH DATA ELEMENTS--GENERAL INFORMATION | |
| fixed length control field | data |
| 035 ## - SYSTEM CONTROL NUMBER | |
| System control number | 22255978 |
| 010 ## - LIBRARY OF CONGRESS CONTROL NUMBER | |
| LC control number | 2021947980 |
| 015 ## - NATIONAL BIBLIOGRAPHY NUMBER | |
| National bibliography number | GBC1H3533 |
| Source | bnb |
| 016 7# - NATIONAL BIBLIOGRAPHIC AGENCY CONTROL NUMBER | |
| Record control number | 020363272 |
| Source | Uk |
| 020 ## - INTERNATIONAL STANDARD BOOK NUMBER | |
| International Standard Book Number | 1800886403 |
| Qualifying information | (hardcover) |
| 020 ## - INTERNATIONAL STANDARD BOOK NUMBER | |
| International Standard Book Number | 9781800886407 |
| Qualifying information | (hardcover) |
| 035 ## - SYSTEM CONTROL NUMBER | |
| System control number | (OCoLC)1259048082 |
| 040 ## - CATALOGING SOURCE | |
| Original cataloging agency | YDX |
| Language of cataloging | eng |
| Description conventions | rda |
| Transcribing agency | YDX |
| Modifying agency | DLC |
| -- | UKMGB |
| -- | OCLCF |
| -- | CDX |
| -- | OCLCO |
| -- | GSU |
| -- | DLC |
| 042 ## - AUTHENTICATION CODE | |
| Authentication code | lccopycat |
| 050 00 - LIBRARY OF CONGRESS CALL NUMBER | |
| Classification number | HJ9105 |
| Item number | .T66 2021 |
| 082 04 - DEWEY DECIMAL CLASSIFICATION NUMBER | |
| Classification number | 336/.014 |
| Edition information | 23 |
| 245 00 - TITLE STATEMENT | |
| Title | Tools for state and local fiscal management : |
| Remainder of title | from policy design to practice / |
| Statement of responsibility, etc. | edited by Alex Hathaway, Jorge Martinez-Vazquez, Chris Thayer. |
| 264 #1 - PRODUCTION, PUBLICATION, DISTRIBUTION, MANUFACTURE, AND COPYRIGHT NOTICE | |
| Place of production, publication, distribution, manufacture | Northampton, MA, USA : |
| -- | Northampton, MA, USA : |
| Name of producer, publisher, distributor, manufacturer | Edward Elgar Publishing, |
| Date of production, publication, distribution, manufacture, or copyright notice | [2021] |
| 264 #4 - PRODUCTION, PUBLICATION, DISTRIBUTION, MANUFACTURE, AND COPYRIGHT NOTICE | |
| Date of production, publication, distribution, manufacture, or copyright notice | ©2021 |
| 300 ## - PHYSICAL DESCRIPTION | |
| Extent | xvii, 362 pages : |
| Other physical details | illustrations, maps ; |
| Dimensions | 25 cm. |
| 336 ## - CONTENT TYPE | |
| Content type term | text |
| Content type code | txt |
| Source | rdacontent |
| 336 ## - CONTENT TYPE | |
| Content type term | still image |
| Content type code | sti |
| Source | rdacontent |
| 336 ## - CONTENT TYPE | |
| Content type term | cartographic image |
| Content type code | cri |
| Source | rdacontent |
| 337 ## - MEDIA TYPE | |
| Media type term | unmediated |
| Media type code | n |
| Source | rdamedia |
| 338 ## - CARRIER TYPE | |
| Carrier type term | volume |
| Carrier type code | nc |
| Source | rdacarrier |
| 490 1# - SERIES STATEMENT | |
| Series statement | Studies in fiscal federalism and state-local finance |
| 504 ## - BIBLIOGRAPHY, ETC. NOTE | |
| Bibliography, etc. note | Includes bibliographical references and index. |
| 650 #0 - SUBJECT ADDED ENTRY--TOPICAL TERM | |
| Topical term or geographic name entry element | Local finance. |
| 650 #0 - SUBJECT ADDED ENTRY--TOPICAL TERM | |
| Topical term or geographic name entry element | Finance, Public. |
| 650 #7 - SUBJECT ADDED ENTRY--TOPICAL TERM | |
| Topical term or geographic name entry element | Finance, Public. |
| Source of heading or term | fast |
| Authority record control number or standard number | (OCoLC)fst00924477 |
| 650 #7 - SUBJECT ADDED ENTRY--TOPICAL TERM | |
| Topical term or geographic name entry element | Local finance. |
| Source of heading or term | fast |
| Authority record control number or standard number | (OCoLC)fst01001253 |
| 700 1# - ADDED ENTRY--PERSONAL NAME | |
| Personal name | Hathaway, Alex |
| Titles and other words associated with a name | (Research Associate), |
| Relator term | editor. |
| 700 1# - ADDED ENTRY--PERSONAL NAME | |
| Personal name | Martinez-Vazquez, Jorge, |
| Relator term | editor. |
| 700 1# - ADDED ENTRY--PERSONAL NAME | |
| Personal name | Thayer, Chris, |
| Relator term | editor. |
| 830 #0 - SERIES ADDED ENTRY--UNIFORM TITLE | |
| Uniform title | Studies in fiscal federalism and state-local finance. |
| 906 ## - LOCAL DATA ELEMENT F, LDF (RLIN) | |
| a | 7 |
| b | cbc |
| c | copycat |
| d | 2 |
| e | ncip |
| f | 20 |
| g | y-gencatlg |
| 925 0# - | |
| -- | acquire |
| -- | 2 shelf copies |
| -- | policy default (ex.) |
| 955 ## - COPY-LEVEL INFORMATION (RLIN) | |
| -- | rm06 2023-03-08 copy 2 to CMD |
| Withdrawn status | Lost status | Damaged status | Not for loan | Home library | Current library | Shelving location | Date acquired | Total checkouts | Full call number | Barcode | Date last seen | Price effective from | Koha item type |
|---|---|---|---|---|---|---|---|---|---|---|---|---|---|
| Springfield | Springfield | General stacks | 22/03/2026 | 336/.014 | LOC-SPL-00010 | 22/03/2026 | 22/03/2026 | Books |